Normal view
MARC view
- Mastering MATLAB 7
Entry Topical Term
001 - CONTROL NUMBER
- control field: 113051
003 - CONTROL NUMBER IDENTIFIER
- control field: NUST
005 - DATE AND TIME OF LATEST TRANSACTION
- control field: 20230607123313.0
008 - FIXED-LENGTH DATA ELEMENTS
- fixed length control field: 230607|| aca||aabn | a|a d
040 ## - CATALOGING SOURCE
- Original cataloging agency: NUST
- Transcribing agency: NUST
150 ## - HEADING--TOPICAL TERM
- Topical term or geographic name entry element: Mastering MATLAB 7
670 ## - SOURCE DATA FOUND
- Source citation: Work cat.: (NUST): Hanselman, Duane C. 23325, Mastering MATLAB 7, 2016.
